000 00558pab a2200169 454500
008 180718b2012 xxu||||| |||| 00| 0 eng d
100 _aHughes, Alan
245 _aPathways to impact and the strategic role of universities: New evidence on the breadth and depth of university knowledge exchange in the UK and the factors constraining its development
260 _c2012
300 _ap.723-750.
362 _aMay
650 _aUniversities
700 _aKitson, Michael
773 _aCambridge Journal of Economics
908 _aN
909 _a96652
999 _c96652
_d96652